ASOIAF - Dragon Colors - Statistics

General Stats
  • This quiz has been taken 133 times
  • The average score is 22 of 28
Answer Stats
Dragon Color(s) % Correct
Balerion Black with red details
99%
Silverwing Silver
96%
Vhagar Bronze with green details and eyes
95%
Caraxes Red
94%
Meleys Red scales, pink membranes
94%
Seasmoke Silver-grey
94%
Quicksilver Silver or pale white
94%
Sunfyre Gold scales, pink membranes
93%
Syrax Yellow
92%
Grey Ghost Grey-white
91%
Drogon Black with red details
90%
Vermithor Bronze
90%
Rhaegal Green and bronze
87%
Dreamfyre Pale blue with silver details
86%
Tessarion Blue with copper details
83%
Meraxes Silver scales and golden eyes
81%
Vermax Green, orange membranes
79%
The Cannibal Black with green eyes
76%
Viserion Cream with gold details
69%
Arrax White and golden (calendar art)White and red (show)
65%
Morghul Black
63%
Moondancer Pale green
62%
The Last Dragon Green
61%
Sheepstealer Mud brown
61%
Stormcloud Turquoise with black details
61%
Morning Pale pink with black details
59%
Tyraxes Pale violet
49%
Shrykos Copper
36%
No matching quizzes found
Score Distribution
Percent of People with Each Score
Percentile by Number Answered
Your Score History
You have not taken this quiz